Les Simpson - Abraham - Statistiques

Statistiques générales
  • Ce quiz a été pris 71 fois
  • Le résultat moyen est 5 sur 10
Statistiques - réponses
Question Réponse % Correct
Où vit-il principalement ? dans une maison de retraite
100%
De quoi a-t-il eu besoin de recevoir par Homer ? un rein
92%
De quel commando fait-il partie ? les Poissons-Diables
83%
Quel est son surnom ? Abe
75%
Sur quelle partie du corps s'est-t-il fait tatouer le nom de Mona ? sa poitrine
33%
Avec qui n'a-t-il jamais été fiancé ou marié ? Agnès Skinner
25%
Quand Abraham installe un drapeau des États-Unis et que Marge lui fait remarquer qu'il manque une étoile sur le drapeau, de quel État Abraham dit-il qu'il ne le reconnaîtra jamais ? le Missouri
25%
Combien a-t-il eu d'enfant(s) ? 3
17%
À quelle bataille n'a-t-il pas participé ? la bataille de Tannenberg
8%
Quel jour est-il né ? un 15 juin
8%
Aucun quiz correspondant
Distribution des résultats
% des personnes avec chaque résultat
Percentile par nombre de réponses
Votre historique - résultats
Vous n’avez pas pris ce quiz